| 000 | 01317nam a2200337 c 4500 | ||
|---|---|---|---|
| 003 | BLK | ||
| 005 | 20180422114540.0 | ||
| 008 | 180411b bul|||||r ||||||| ||bul|| | ||
| 010 | _aKNG00181035000 | ||
| 040 | _aBLK | ||
| 041 |
_aBUL _cBUL |
||
| 080 |
_aБългарска литература _b821.163.2 _x-311.6 _z821.163.2-311.6 |
||
| 100 | 1 |
_aРодев, Цончо Христов _eпърви автор _9244103 |
|
| 700 | 1 |
_aДиманов, Любен Петров _eхудож. _9372589 |
|
| 139 |
_aРодев, Цончо Христов _bР 74 |
||
| 245 | 1 | 0 |
_aЧерният конник _bИст. роман за цар Симеон _cЦончо Христов Родев; худож. Любен Петров Диманов. |
| 257 | _aBGR | ||
| 260 |
_аСофия _bНар. младеж _c1966 |
||
| 300 |
_a279 с. _bс ил. _c17 см |
||
| 380 | _aX | ||
| 490 | 1 |
_aМалка историческа библиотека _v1965, № 8 |
|
| 500 | _a16 100 тир. | ||
| 600 | 1 | 4 |
_aСимеон I, цар български _9270335 |
| 653 | _aисторически романи | ||
| 653 | _aСимеон І | ||
| 852 | _aЦб І 8117 | ||
| 856 | 4 |
_qpdf _u |
|
| 856 | 4 |
_qpdf _u |
|
| 942 |
_cKNG _n0 |
||
| 944 |
_aCR _c04.09.2015 _lф / _kЛюдмила_Стоянова |
||
| 944 |
_aED _c04.09.2015 _lф / _kЛюдмила_Стоянова |
||
| 999 |
_c172692 _d172692 |
||